000
00333nam a2200133 a 4500
005
20140414131926.0
008
101027s19uu xx 00 eng d
050
_a
FIL
_b
P27 2008
100
_a
Patindol, Jean Lee
245
_a
Papa's house, Mama's house.
260
_b
Adarna,
_c
2008.
_a
Manila :
999
_c
112015
_d
112015